000 01015cam a2200217 4500
001 ABS62528
008 000000n2000 000 0 eng u
035 _a(Sirsi) u107021
100 _aScrase, T.
245 _aListed building controls - shifting ground on fixtures and fittings?
260 _c2000
490 _aJournal of Planning and Environment Law
_vMarch 2000, 235-245(6)
520 _aDiscusses government's changing attitude to the removal of fixtures and fittings from listed buildings. This shift seems to be reflected in the decisions reached in the cases concerning Leighton Hall and the Time and Life Building. Concludes that the system now seems to be operating in a manner more likely to protect the integrity of listed buildings.
590 _aABS
650 _aLISTED BUILDINGS
650 _aFIXTURES AND FITTINGS
650 _aPLANNING (LISTED BUILDINGS AND CONSERVATION AREAS) ACT 1990
650 _aBUILDING CONTROL
_96222
690 _aPlanning and development
_96259
942 _n0
999 _c63994
_d63994